Indian insurance year book (Record no. 481807)

000 -LEADER
fixed length control field 00407cam a22001217a 4500
008 - FIXED-LENGTH DATA ELEMENTS--GENERAL INFORMATION
fixed length control field 180718b-- xxu||||| |||| 00| 0 eng d
082 ## - DEWEY DECIMAL CLASSIFICATION NUMBER
Classification number T5064x54 In2
100 ## - MAIN ENTRY--PERSONAL NAME
Personal name India. Ministry of Finance. Department of Economic Affairs. Insurance Division
245 ## - TITLE STATEMENT
Title Indian insurance year book
260 ## - PUBLICATION, DISTRIBUTION, ETC.
Place of publication, distribution, etc. Delhi
Name of publisher, distributor, etc. Controller of Publications
Date of publication, distribution, etc. --
500 ## - GENERAL NOTE
General note Library has 1972
650 ## - SUBJECT ADDED ENTRY--TOPICAL TERM
Topical term or geographic name entry element Insurance - Yearbooks - India
Holdings
Withdrawn status Lost status Damaged status Not for loan Permanent Location Current Location Date acquired Full call number Barcode Date last seen Price effective from Koha item type
        Indian Institute of Public Administration Indian Institute of Public Administration 2018-08-04 T5064x54 In2 G12945 2018-08-04 2018-08-04 G

Powered by Koha